000 00520nam a2200181Ia 4500
999 _c29651
_d29651
003 OSt
005 20201211124617.0
008 190216s9999||||xx |||||||||||||| ||und||
020 _a9788126423460
040 _coclc
082 _a894.812
_bPOO/E
100 _aPookkutty, Rasul
_97398
245 0 _aEnde Kathoppukal /
_cRasul Pookkuttiy ; John Brittas
260 _bDc Books ,
_c2010.
_a Kottayam:
300 _a62p
650 _aOormakurip
942 _cBK
_2ddc
_h894.812
_iPOO/E
_k894.812
_mPOO/E